000
00290nam a2200109Ia 4500
008
200302s9999 xx 000 0 und d
100
_a
Valerie Herinstain
245
_a
Mugal India : Spelendours Of The Peacock Throne
260
_b
Thames and Hudson, London
260
_c
1997
300
_a
159 P
999
_c
4776
_d
4776